<?xml version="1.0" encoding="UTF-8"?>
<record
    xmlns:xsi="http://www.w3.org/2001/XMLSchema-instance"
    xsi:schemaLocation="http://www.loc.gov/MARC21/slim http://www.loc.gov/standards/marcxml/schema/MARC21slim.xsd"
    xmlns="http://www.loc.gov/MARC21/slim">

  <leader>01657nam a2200229Ia 4500</leader>
  <controlfield tag="001">b6563-47122 </controlfield>
  <controlfield tag="003">IT-MiCISF</controlfield>
  <controlfield tag="005">20230317141212.0</controlfield>
  <controlfield tag="008">161014s9999||||xx |||||||||||||| ||und||</controlfield>
  <datafield tag="040" ind1=" " ind2=" ">
    <subfield code="a">IT-MiCISF</subfield>
    <subfield code="c">IT-MiCISF</subfield>
  </datafield>
  <datafield tag="041" ind1=" " ind2=" ">
    <subfield code="a">it</subfield>
  </datafield>
  <datafield tag="100" ind1=" " ind2=" ">
    <subfield code="a">Pepe Marinella</subfield>
    <subfield code="9">59736</subfield>
  </datafield>
  <datafield tag="245" ind1=" " ind2="0">
    <subfield code="a">La pratica della distinzione.</subfield>
    <subfield code="b">Uno studio sull'associazionismo delle donne migranti</subfield>
  </datafield>
  <datafield tag="260" ind1=" " ind2=" ">
    <subfield code="a"> Milano,</subfield>
    <subfield code="b">Unicopli,</subfield>
    <subfield code="c">2009</subfield>
  </datafield>
  <datafield tag="300" ind1=" " ind2=" ">
    <subfield code="a">pp. 290</subfield>
  </datafield>
  <datafield tag="500" ind1=" " ind2=" ">
    <subfield code="a"> / societ&#xE0;, associazionismo, famiglia-migranti, donna, esperienze / </subfield>
  </datafield>
  <datafield tag="520" ind1=" " ind2=" ">
    <subfield code="a">Nel contesto di profondi e irreversibili cambiamenti un ruolo decisivo &#xE8; svolto dalle migrazioni transnazionali. In particolare, tre processi si intrecciano articolando ancora di pi&#xF9; lo scenario: la femminilizzazione dei flussi migratori; l'emergere crescente del ruolo della societ&#xE0; civile; il protagonismo esercitato dai nuovi arrivati, che nella pratica associativa danno saggio di creativit&#xE0; e di capacit&#xE0; di autorganizzarsi. Il testo mette in luce i risultati di una ricerca sull'associazionismo delle donne migranti, che ha preso in esame, grazie ad un approccio biografico, le modalit&#xE0; attraverso le quali la pratica associativa viene tematizzata dalle migranti stesse. Dallo studio emerge come un diverso capitale biografico dia corpo a esperienze associative profondamente distinte per contenuti e per obiettivi; desiderio di cura e bisogno distintivo, poi, accomunano i diversi vissuti, configurando la pratica associativa come un'esplicita risorsa di senso in un'epoca di legami deboli.</subfield>
  </datafield>
  <datafield tag="650" ind1=" " ind2=" ">
    <subfield code="a">societ&#xE0;</subfield>
    <subfield code="e">006</subfield>
    <subfield code="9">56109</subfield>
  </datafield>
  <datafield tag="654" ind1=" " ind2=" ">
    <subfield code="a">indagine</subfield>
  </datafield>
  <datafield tag="942" ind1=" " ind2=" ">
    <subfield code="c">BK</subfield>
    <subfield code="2">ddc</subfield>
  </datafield>
  <datafield tag="999" ind1=" " ind2=" ">
    <subfield code="c">210468</subfield>
    <subfield code="d">210468</subfield>
  </datafield>
  <datafield tag="999" ind1=" " ind2=" ">
    <subfield code="b">si</subfield>
  </datafield>
  <datafield tag="952" ind1=" " ind2=" ">
    <subfield code="0">0</subfield>
    <subfield code="1">0</subfield>
    <subfield code="4">0</subfield>
    <subfield code="6">B_656347122</subfield>
    <subfield code="7">1</subfield>
    <subfield code="a">CISF</subfield>
    <subfield code="b">CISF</subfield>
    <subfield code="d">2016-10-14</subfield>
    <subfield code="l">0</subfield>
    <subfield code="o">b6563-47122 </subfield>
    <subfield code="r">2016-10-14 00:00:00</subfield>
    <subfield code="w">2016-10-14</subfield>
    <subfield code="y">BK</subfield>
    <subfield code="z">Data import 15.10.2016 / by Epidotti, Vaglietti</subfield>
  </datafield>
</record>
